[Event "Creon MI"]
[Site "Creon (FRA)"]
[Date "2010.07.30"]
[Round "7"]
[White "Song, Julien"]
[Black "Inkiov, Ventzislav"]
[Result "1/2-1/2"]
[WhiteElo "2347"]
[BlackElo "2474"]
[PlyCount "36"]
[EventDate "2010.??.??"]

1. c4 e6 2. g3 Nf6 3. Bg2 d5 4. Nf3 dxc4 5. Qa4+ Nbd7 6. Qxc4 c5 7. d3 a6 8.
Qb3 Ra7 9. a4 b6 10. O-O Bb7 11. Na3 Be7 12. Nc4 O-O 13. e4 Bc6 14. Bf4 Ra8 15.
Nfe5 Nxe5 16. Nxe5 Be8 17. Rfc1 Bd6 18. Qc3 Qb8 1/2-1/2

[Event "Creon MI"]
[Site "Creon (FRA)"]
[Date "2010.07.30"]
[Round "7"]
[White "Fomichenko, Eduard"]
[Black "Favarel, Antoine"]
[Result "1-0"]
[WhiteElo "2458"]
[BlackElo "2244"]
[PlyCount "35"]
[EventDate "2010.??.??"]

1. d4 d5 2. Nf3 Nf6 3. c4 dxc4 4. e3 Be6 5. Nc3 h6 6. Ne5 c5 7. Qa4+ Nbd7 8.
dxc5 Qc7 9. Nxc4 Qxc5 10. e4 g6 11. Be3 Qc6 12. Qxc6 bxc6 13. Na5 Bg7 14. Nxc6
Ng4 15. Bd4 Nde5 16. h3 Nxc6 17. Bxg7 Rh7 18. Bb5 1-0

[Event "Creon MI"]
[Site "Creon (FRA)"]
[Date "2010.07.30"]
[Round "7"]
[White "Jaureguiberry, Cedric"]
[Black "Martin Alvarez, Inigo"]
[Result "1/2-1/2"]
[WhiteElo "2150"]
[BlackElo "2321"]
[PlyCount "49"]
[EventDate "2010.??.??"]

1. e4 g6 2. d4 Bg7 3. Nc3 d6 4. g3 Nd7 5. Bg2 a6 6. Nge2 e6 7. O-O Ne7 8. Be3
b6 9. Qd2 h6 10. a4 Bb7 11. Rad1 Kf8 12. f4 Kg8 13. g4 h5 14. f5 hxg4 15. fxe6
fxe6 16. Bg5 Qe8 17. Qf4 e5 18. Qxg4 Nc6 19. Nd5 Rc8 20. c3 a5 21. Ne7+ Nxe7
22. Qe6+ Kh7 23. Qh3+ Kg8 24. Qe6+ Kh7 25. Qh3+ 1/2-1/2

[Event "Creon MI"]
[Site "Creon (FRA)"]
[Date "2010.07.30"]
[Round "7"]
[White "Mohota, Nisha"]
[Black "Sanduleac, Vasile"]
[Result "1-0"]
[WhiteElo "2295"]
[BlackElo "2451"]
[PlyCount "103"]
[EventDate "2010.??.??"]

1. d4 d6 2. Nf3 Bg4 3. c4 Bxf3 4. exf3 c6 5. Nc3 Nf6 6. g4 g6 7. g5 Nfd7 8. f4
Na6 9. d5 Bg7 10. Be3 Qa5 11. Bd4 Bxd4 12. Qxd4 Rg8 13. O-O-O Qb6 14. Qd2 O-O-O
15. Bh3 Kb8 16. Rhe1 Rge8 17. Re3 Ndc5 18. Rde1 Qb4 19. Qe2 Nc7 20. a3 Nb3+ 21.
Kb1 Qxc4 22. Qxc4 Nd2+ 23. Kc2 Nxc4 24. Rxe7 Nb6 25. dxc6 bxc6 26. f5 Nc8 27.
Rxe8 Rxe8 28. Rxe8 Nxe8 29. f6 d5 30. Bd7 Nc7 31. Bxc6 Nb6 32. h4 Kc8 33. b3
Kd8 34. Kd3 Ne6 35. Bxd5 Nf4+ 36. Ke4 Nbxd5 37. Nxd5 Ng2 38. h5 gxh5 39. Nf4 h4
40. Kf3 Ne1+ 41. Kg4 Nc2 42. Kxh4 Ke8 43. Kh5 Kf8 44. Kh6 Kg8 45. Nd5 Nxa3 46.
Ne7+ Kf8 47. Kxh7 Nb5 48. f4 Nc3 49. Nc6 a6 50. Nb8 a5 51. Nd7+ Ke8 52. g6 1-0

[Event "Creon MI"]
[Site "Creon (FRA)"]
[Date "2010.07.31"]
[Round "8"]
[White "Jolly, Jean-Francois"]
[Black "Sanduleac, Vasile"]
[Result "1-0"]
[WhiteElo "2411"]
[BlackElo "2451"]
[PlyCount "139"]
[EventDate "2010.??.??"]

1. e4 g6 2. d4 Bg7 3. c4 d6 4. Nc3 Nc6 5. Be3 e5 6. d5 Nd4 7. Nge2 Nxe2 8. Bxe2
Bh6 9. Bxh6 Nxh6 10. h4 f6 11. h5 g5 12. g4 O-O 13. f3 Nf7 14. Qd2 Bd7 15.
O-O-O Qe7 16. Kb1 a6 17. Rc1 Rfc8 18. Rc2 b6 19. Rcc1 Nd8 20. Bd1 Qe8 21. Qe3
Nb7 22. Rh2 a5 23. b3 Rcb8 24. a3 Nc5 25. b4 Nb7 26. Bb3 Kf8 27. Rb2 Qe7 28.
Nd1 axb4 29. axb4 Ra3 30. Ra2 Rxa2 31. Kxa2 Ra8+ 32. Kb2 Qd8 33. Nc3 h6 34. Qe1
Qb8 35. Ra1 Ke7 36. Qd1 Ra7 37. Ba4 Qa8 38. Bxd7 Kxd7 39. Rxa7 Qxa7 40. Qa4+
Qxa4 41. Nxa4 Nd8 42. Nc3 Kc8 43. Nd1 Kb7 44. Ne3 b5 45. Nf5 Nf7 46. cxb5 Kb6
47. Ka3 Kxb5 48. Kb3 Ka6 49. Ka4 Kb6 50. b5 Kb7 51. Ka5 Ka7 52. Ne7 Kb7 53. Ng8
Ka7 54. Nxf6 Nd8 55. Ng8 Nf7 56. Ne7 Kb7 57. Nf5 Ka7 58. Ne3 Nd8 59. b6+ cxb6+
60. Kb5 Kb7 61. Nc4 Kc7 62. Nxb6 Nb7 63. Nc4 Nd8 64. Ka6 Nb7 65. Ne3 Nc5+ 66.
Kb5 Nb3 67. Nf5 Kd7 68. Nxh6 Nd4+ 69. Kc4 Nxf3 70. Nf5 1-0

[Event "Creon MI"]
[Site "Creon (FRA)"]
[Date "2010.07.31"]
[Round "8"]
[White "Martin Alvarez, Inigo"]
[Black "Mohota, Nisha"]
[Result "1/2-1/2"]
[WhiteElo "2321"]
[BlackElo "2295"]
[PlyCount "45"]
[EventDate "2010.??.??"]

1. e4 e5 2. Nf3 Nc6 3. Bb5 a6 4. Bxc6 dxc6 5. Nc3 f6 6. d4 exd4 7. Qxd4 Qxd4 8.
Nxd4 Bd7 9. Be3 O-O-O 10. f3 Ne7 11. O-O-O Ng6 12. Nde2 h5 13. Nf4 Nxf4 14.
Bxf4 h4 15. Rd3 Bb4 16. Rhd1 Bxc3 17. Rxc3 Be6 18. Rcd3 Rde8 19. b3 c5 20. c4
b6 21. Kb2 Rhg8 22. a4 a5 23. Bd2 1/2-1/2

[Event "Creon MI"]
[Site "Creon (FRA)"]
[Date "2010.07.31"]
[Round "8"]
[White "Favarel, Antoine"]
[Black "Jaureguiberry, Cedric"]
[Result "1-0"]
[WhiteElo "2244"]
[BlackElo "2150"]
[PlyCount "75"]
[EventDate "2010.??.??"]

1. e4 d6 2. d4 Nf6 3. Nc3 g6 4. Nf3 Bg7 5. Be2 O-O 6. O-O c5 7. d5 Na6 8. Nd2
Nc7 9. a4 b6 10. Nc4 Bb7 11. Re1 Nd7 12. f4 f5 13. exf5 gxf5 14. Bf3 Bd4+ 15.
Kh1 Nf6 16. Ne2 Bxd5 17. Bxd5+ Ncxd5 18. Nxd4 cxd4 19. Qxd4 Qc7 20. b3 Qc5 21.
Qxc5 bxc5 22. Bb2 Rf7 23. Rad1 Kf8 24. g3 Nb4 25. Re2 h5 26. Kg2 Nc6 27. Nd2
Rd8 28. Nf3 Ne4 29. h4 Rc8 30. Ng5 Nb4 31. Nxe4 fxe4 32. Rxe4 Nxc2 33. Rc1 d5
34. Re5 Nb4 35. Rxh5 Ke8 36. Ba3 Nd3 37. Rd1 c4 38. Rxd5 1-0

[Event "Creon MI"]
[Site "Creon (FRA)"]
[Date "2010.07.31"]
[Round "8"]
[White "Inkiov, Ventzislav"]
[Black "Fomichenko, Eduard"]
[Result "1/2-1/2"]
[WhiteElo "2474"]
[BlackElo "2458"]
[PlyCount "42"]
[EventDate "2010.??.??"]

1. e4 c5 2. c3 d5 3. exd5 Qxd5 4. d4 Nf6 5. Nf3 e6 6. Be2 Nc6 7. O-O cxd4 8.
cxd4 Be7 9. Nc3 Qd6 10. Bg5 O-O 11. Rc1 Nd5 12. Bxe7 Ncxe7 13. Ne5 b6 14. Nxd5
Nxd5 15. Bf3 Bb7 16. Qd2 Rac8 17. Rxc8 Rxc8 18. Rc1 Rxc1+ 19. Qxc1 f6 20. Ng4
Qc6 21. Qxc6 Bxc6 1/2-1/2

[Event "Creon MI"]
[Site "Creon (FRA)"]
[Date "2010.07.31"]
[Round "8"]
[White "Lagarde, Maxime"]
[Black "Song, Julien"]
[Result "1/2-1/2"]
[WhiteElo "2414"]
[BlackElo "2347"]
[PlyCount "69"]
[EventDate "2010.??.??"]

1. d4 Nf6 2. c4 e6 3. Nf3 c5 4. d5 b5 5. Bg5 h6 6. Bxf6 Qxf6 7. Nc3 b4 8. Nb5
Na6 9. e4 Qxb2 10. e5 exd5 11. cxd5 Rb8 12. d6 Bb7 13. Rb1 Bxf3 14. Rxb2 Bxd1
15. Kxd1 g5 16. Nxa7 Ra8 17. Bxa6 Rxa7 18. Bc4 Bg7 19. h4 g4 20. f4 f6 21. e6
dxe6 22. Bxe6 f5 23. Rc2 Bd4 24. Bxf5 Rf8 25. Bxg4 Rxf4 26. Re1+ Kd8 27. Rce2
Rxg4 28. Re8+ Kd7 29. R1e7+ Kxd6 30. Rxa7 Rxg2 31. Ra6+ Kd5 32. Re2 Rg1+ 33.
Re1 Rg2 34. Re2 Rg1+ 35. Re1 1/2-1/2

[Event "Creon MI"]
[Site "Creon (FRA)"]
[Date "2010.08.01"]
[Round "9"]
[White "Song, Julien"]
[Black "Jolly, Jean-Francois"]
[Result "1-0"]
[WhiteElo "2347"]
[BlackElo "2411"]
[PlyCount "61"]
[EventDate "2010.??.??"]

1. d4 g6 2. c4 Bg7 3. Nf3 c5 4. d5 b5 5. Qc2 Nf6 6. e4 d6 7. cxb5 a6 8. a4 O-O
9. Nc3 e6 10. dxe6 fxe6 11. e5 dxe5 12. Be2 axb5 13. Nxb5 Na6 14. O-O Nd5 15.
Bg5 Qd7 16. Nd2 Bb7 17. Bf3 Rf5 18. Bh4 Ndb4 19. Qd1 Bd5 20. Bg3 Rd8 21. Ne4 c4
22. Qe2 Nc6 23. Bg4 Nd4 24. Nxd4 exd4 25. Bxf5 exf5 26. Nd6 d3 27. Qe3 Bxb2 28.
Rab1 Bg7 29. Rfc1 Qc6 30. Rb7 Nc5 31. Rxg7+ 1-0

[Event "Creon MI"]
[Site "Creon (FRA)"]
[Date "2010.08.01"]
[Round "9"]
[White "Fomichenko, Eduard"]
[Black "Lagarde, Maxime"]
[Result "1/2-1/2"]
[WhiteElo "2458"]
[BlackElo "2414"]
[PlyCount "111"]
[EventDate "2010.??.??"]

1. Nf3 Nf6 2. c4 g6 3. Nc3 Bg7 4. e4 d6 5. d4 O-O 6. Be2 Na6 7. O-O e5 8. Re1
c6 9. Bf1 Bg4 10. d5 c5 11. Be2 Kh8 12. Rb1 Bd7 13. Nd2 Rg8 14. a3 Qf8 15. b4
b6 16. Nb5 Bh6 17. Qc2 Ne8 18. Nf3 Bxc1 19. Qxc1 Qe7 20. Bd3 f6 21. Bc2 Ng7 22.
Ba4 Rgc8 23. Nd2 Nc7 24. Nxc7 Rxc7 25. Bxd7 Qxd7 26. b5 f5 27. Rb3 f4 28. Qc3
g5 29. a4 g4 30. a5 Rg8 31. Ra1 Qf7 32. f3 Nh5 33. axb6 axb6 34. fxg4 Nf6 35.
h3 h5 36. Rba3 Qg6 37. Qf3 hxg4 38. hxg4 Nxg4 39. Ra7 Rh7 40. Rxh7+ Qxh7 41.
Nf1 Nf6 42. Nd2 Qh4 43. Nf1 Nh7 44. Qf2 Qh5 45. Nd2 Ng5 46. Kf1 f3 47. Nxf3 Rf8
48. Ke2 Rf4 49. Ra3 Nxe4 50. Qe1 Qg4 51. Qh1+ Kg7 52. Ra7+ Rf7 53. Rxf7+ Kxf7
54. Qh7+ Kf8 55. Qh8+ Kf7 56. Qh7+ 1/2-1/2

[Event "Creon MI"]
[Site "Creon (FRA)"]
[Date "2010.08.01"]
[Round "9"]
[White "Jaureguiberry, Cedric"]
[Black "Inkiov, Ventzislav"]
[Result "0-1"]
[WhiteElo "2150"]
[BlackElo "2474"]
[PlyCount "103"]
[EventDate "2010.??.??"]

1. e4 c5 2. Nf3 d6 3. d4 cxd4 4. Nxd4 Nf6 5. Nc3 Nc6 6. Be2 g6 7. Be3 Bg7 8.
Nb3 O-O 9. O-O Be6 10. f4 Qc8 11. Kh1 Rd8 12. Bf3 d5 13. Nxd5 Bxd5 14. exd5 Nb4
15. c3 Nfxd5 16. Bxd5 Nxd5 17. Qf3 a5 18. Rad1 e6 19. Nc5 a4 20. a3 Ra5 21. Ne4
Nxe3 22. Qxe3 Rad5 23. Rxd5 Rxd5 24. h3 Qc4 25. Rf2 h6 26. Nd2 Qc7 27. Nf3 Rd1+
28. Kh2 Bf8 29. Re2 g5 30. g3 Bd6 31. Qe4 gxf4 32. Qxa4 fxg3+ 33. Kg2 Rd5 34.
Re4 h5 35. Nd4 Qd8 36. Re2 Re5 37. Qd1 Qb6 38. Rxe5 Bxe5 39. b4 h4 40. Qg4+ Bg7
41. Qxh4 e5 42. Qxg3 exd4 43. cxd4 Qxd4 44. Qb8+ Bf8 45. Qxb7 Qb2+ 46. Kf1 Qxa3
47. Qg2+ Kh8 48. Qg4 Qxb4 49. Qh5+ Kg8 50. Qg5+ Bg7 51. Qd8+ Qf8 52. Qg5 0-1

[Event "Creon MI"]
[Site "Creon (FRA)"]
[Date "2010.08.01"]
[Round "9"]
[White "Mohota, Nisha"]
[Black "Favarel, Antoine"]
[Result "1-0"]
[WhiteElo "2295"]
[BlackElo "2244"]
[PlyCount "41"]
[EventDate "2010.??.??"]

1. d4 d5 2. c4 dxc4 3. e3 c5 4. Bxc4 cxd4 5. exd4 Nf6 6. Nf3 e6 7. O-O Be7 8.
Qe2 O-O 9. Rd1 b6 10. Nc3 Bb7 11. Bg5 Re8 12. Rac1 Nbd7 13. Ne5 Nd5 14. Bd2
N7f6 15. Re1 a6 16. Nxd5 Nxd5 17. Nxf7 Kxf7 18. Qxe6+ Kf8 19. Re5 Bf6 20. Bb4+
Re7 21. Rxd5 1-0